Moving Pictures Quiz Stats

 Plays Quiz Updated Jun 18, 2018

Support Sporcle.
Go Orange.
Score 0/20 Timer 01:00
6 Plays Today
Image Picture % Correct
6Apple
94.5%
2Hat
93.9%
18Fish
91.6%
4Horse
91.5%
20Snowman
90.7%
10Soccer ball
90.3%
5Bicycle
90.3%
3Tree
89.7%
8Cat
89.3%
16Clown
89.2%
Image Picture % Correct
19Guitar
89.2%
15Frog
88.8%
1Boat
88.6%
1Light Bulb
88.4%
12House
87.4%
9Piano
86.7%
11Skull
86.2%
7Mouse
85.6%
13Book
84.7%
14Dog
83%

You're not logged in!

Compare scores with friends on all Sporcle quizzes.
OR
Log In

From the Vault

Who Played Me in Film? IV

by senordingdong

If you get any wrong, just think of it as recasting the biopic.
Remove Ads.
Support Sporcle.
Get the best of Sporcle when you Go Orange. This ad-free experience offers more features, more stats, and more fun while also helping to support Sporcle. Thank you for becoming a member.

Show Comments

Extras

Top Quizzes Today


Score Distribution

Your Account Isn't Verified!

In order to create a playlist on Sporcle, you need to verify the email address you used during registration. Go to your Sporcle Settings to finish the process.

Report this User

Report this user for behavior that violates our Community Guidelines.

Details: